| 000 | 00610nam a22001817a 4500 | ||
|---|---|---|---|
| 999 |
_c61486 _d61486 |
||
| 005 | 20240319142206.0 | ||
| 008 | 240319s1969 ru ||||| |||| 00| 0 rus d | ||
| 041 | _arus | ||
| 080 | _a94(38) T-45 | ||
| 100 |
_aТитов, В.С. _920612 |
||
| 245 |
_aНеолит Греции : _bПериодизация и хронология / _cВ.С. Титов. |
||
| 264 |
_aМ.: _bНаука, _c1969. |
||
| 300 |
_a256 с.: _bил.; _c26 см. |
||
| 653 | _aნეოლითის საბერძნეთი | ||
| 653 | _aისტორია | ||
| 653 | _aარქეოლოგია | ||
| 942 |
_2udc _cBK |
||